[Event "69th POL-ch"]
[Site "Warsaw POL"]
[Date "2012.02.21"]
[Round "4"]
[White "Olszewski, Michal"]
[Black "Dragun, Kamil"]
[Result "1-0"]
[WhiteElo "2539"]
[BlackElo "2420"]
[EventDate "2012.02.18"]
[PlyCount "93"]

1.d4 d5 2.c4 c6 3.Nf3 Nf6 4.e3 g6 5.Nc3 Bg7 6.h3 O-O 7.Bd3 c5 8.O-O Nc6 9.
dxc5 dxc4 10.Bxc4 Qa5 11.e4 Qxc5 12.Bb3 Qh5 13.Be3 b6 14.Qe2 Bb7 15.Rfd1 
Rad8 16.Rxd8 Nxd8 17.Bg5 h6 18.Bh4 Qc5 19.Bg3 Nc6 20.Rd1 Rd8 21.Rxd8+ Nxd8
22.Qd3 Qc8 23.e5 Nh5 24.Qxg6 Bxf3 25.Bh2 e6 26.Qd3 Bb7 27.Bd1 Nc6 28.Qe3 
Qb8 29.Bxh5 Bxe5 30.Bxe5 Qxe5 31.Qxh6 Nd4 32.Qe3 Qg7 33.Qg3 Qxg3 34.fxg3 
e5 35.Kf2 f5 36.g4 f4 37.Bg6 Kg7 38.Be4 Bc8 39.g3 Kf6 40.Nd5+ Kg5 41.h4+ 
Kxg4 42.Nf6+ Kh3 43.Bg2+ Kh2 44.gxf4 exf4 45.h5 f3 46.Bxf3 Nf5 47.Bg4 1-0

[Event "69th POL-ch"]
[Site "Warsaw POL"]
[Date "2012.02.21"]
[Round "4"]
[White "Piorun, Kacper"]
[Black "Jaracz, Pawel"]
[Result "0-1"]
[WhiteElo "2520"]
[BlackElo "2542"]
[EventDate "2012.02.18"]
[PlyCount "59"]

1.c4 e5 2.g3 Nc6 3.Bg2 Bc5 4.Nc3 d6 5.e3 Nge7 6.a3 a6 7.Nge2 Bf5 8.d4 Ba7 
9.d5 Nb8 10.h3 h6 11.b4 Nd7 12.Qb3 c6 13.Ne4 Qc7 14.dxc6 bxc6 15.O-O O-O 
16.Rd1 d5 17.N4c3 Nf6 18.Bb2 Rad8 19.cxd5 cxd5 20.Rac1 Qb8 21.Nxd5 Nexd5 
22.Bxd5 Bxh3 23.Bf3 Nh7 24.Nc3 Ng5 25.Bh1 Bg4 26.Rxd8 Rxd8 27.Qc4 Nf3+ 28.
Kg2 h5 29.Nd5 Qd6 30.Rd1 0-1

[Event "69th POL-ch"]
[Site "Warsaw POL"]
[Date "2012.02.22"]
[Round "5"]
[White "Bartel, Mateusz"]
[Black "Miton, Kamil"]
[Result "0-1"]
[WhiteElo "2658"]
[BlackElo "2623"]
[EventDate "2012.02.18"]
[PlyCount "110"]

1.e4 c6 2.d4 d5 3.Nc3 dxe4 4.Nxe4 Nd7 5.Ng5 Ngf6 6.Bc4 e6 7.Qe2 Nb6 8.Bb3 
h6 9.N5f3 c5 10.dxc5 Bxc5 11.Ne5 O-O 12.Ngf3 a5 13.c3 Nbd5 14.O-O a4 15.
Bc2 a3 16.b4 Nxc3 17.Qc4 Bd4 18.Kh1 Bxe5 19.Nxe5 Ncd5 20.Rb1 Bd7 21.Qd3 
Rc8 22.Ng4 Qc7 23.Nxf6+ Nxf6 24.Bb3 Bc6 25.f3 Rfd8 26.Qe2 Bd5 27.Bxa3 Bxb3
28.Rxb3 Qc2 29.Rb2 Qd3 30.Qxd3 Rxd3 31.Rb3 Rd2 32.Bb2 Nd5 33.Rg1 b5 34.a3 
Rcc2 35.Bc1 Re2 36.h4 Rc4 37.Kh2 Rxh4+ 38.Kg3 Rc4 39.Rd3 g5 40.Rgd1 Rcc2 
41.R1d2 Rexd2 42.Bxd2 Kg7 43.Be3 Kg6 44.Bd2 h5 45.Kh3 Kf5 46.Kg3 f6 47.Kh3
Ra2 48.Kg3 h4+ 49.Kh3 Ra1 50.g3 Rd1 51.Rd4 hxg3 52.Kxg3 Nb6 53.Be3 Rxd4 
54.Bxd4 Nc4 55.a4 e5 0-1

[Event "69th POL-ch"]
[Site "Warsaw POL"]
[Date "2012.02.22"]
[Round "5"]
[White "Kempinski, Robert"]
[Black "Macieja, Bartlomiej"]
[Result "1/2-1/2"]
[WhiteElo "2610"]
[BlackElo "2617"]
[EventDate "2012.02.18"]
[PlyCount "41"]

1.d4 Nf6 2.c4 e6 3.Nf3 d5 4.Nc3 dxc4 5.e4 Bb4 6.Bg5 c5 7.e5 cxd4 8.Qa4+ 
Nc6 9.O-O-O Bd7 10.Ne4 Be7 11.exf6 gxf6 12.Bh4 Rc8 13.Kb1 Na5 14.Qc2 e5 
15.Nxd4 exd4 16.Rxd4 Qb6 17.Rd5 Be6 18.Rh5 Bg4 19.Rd5 Be6 20.Rh5 Bg4 21.
Rd5 1/2-1/2

[Event "69th POL-ch"]
[Site "Warsaw POL"]
[Date "2012.02.22"]
[Round "5"]
[White "Kuzmicz, Krystian"]
[Black "Mista, Aleksander"]
[Result "1/2-1/2"]
[WhiteElo "2451"]
[BlackElo "2587"]
[EventDate "2012.02.18"]
[PlyCount "103"]

1.c4 e5 2.g3 Nf6 3.Bg2 d5 4.cxd5 Nxd5 5.Nf3 Nc6 6.O-O Nb6 7.Nc3 Be7 8.a3 
O-O 9.b4 Be6 10.d3 f6 11.Bb2 Qe8 12.Qc2 Qf7 13.Rac1 Rfd8 14.Qb1 a5 15.b5 
Nd4 16.Nxd4 exd4 17.Ne4 Rd7 18.Nc5 Bxc5 19.Rxc5 Na4 20.Rcc1 Bd5 21.Bxd5 
Qxd5 22.Rc4 Nxb2 23.Qxb2 Re8 24.Rfc1 Ree7 25.R1c2 g5 26.b6 cxb6 27.Qxb6 
Re6 28.Rc8+ Kf7 29.Qc5 Qxc5 30.R8xc5 b6 31.Rc8 g4 32.a4 h5 33.Rb2 Rdd6 34.
Rc4 Kg6 35.Kf1 Re5 36.Rc8 Ree6 37.Rbc2 Re5 38.Rg8+ Kf5 39.Rb8 Ree6 40.Rh8 
Kg6 41.Rhc8 f5 42.Rg8+ Kf6 43.Rgc8 Kg5 44.R2c7 Rg6 45.Rf8 Rc6 46.Rxc6 Rxc6
47.Rd8 Rc1+ 48.Kg2 Re1 49.f4+ Kf6 50.Kf2 Rh1 51.Kg2 Re1 52.Kf2 1/2-1/2

[Event "69th POL-ch"]
[Site "Warsaw POL"]
[Date "2012.02.22"]
[Round "5"]
[White "Bulski, Krzysztof"]
[Black "Strzemiecki, Zbigniew"]
[Result "1-0"]
[WhiteElo "2523"]
[BlackElo "2402"]
[EventDate "2012.02.18"]
[PlyCount "87"]

1.d4 Nf6 2.c4 c6 3.Nf3 d5 4.e3 g6 5.Nc3 Bg7 6.h3 O-O 7.Be2 Ne4 8.O-O b6 9.
Qb3 Nxc3 10.bxc3 Ba6 11.Re1 e6 12.Ba3 Re8 13.Rac1 Nd7 14.cxd5 Bxe2 15.dxe6
fxe6 16.Rxe2 Kh8 17.Rd1 Qf6 18.Bd6 Qf5 19.e4 Qh5 20.e5 g5 21.Qc2 Rac8 22.
Qe4 h6 23.Rd3 c5 24.d5 exd5 25.Qxd5 Qg6 26.Rde3 Qe6 27.c4 Nf8 28.Re4 Rcd8 
29.h4 g4 30.Qxe6 Rxe6 31.Bxf8 gxf3 32.Bxg7+ Kxg7 33.Rg4+ Rg6 34.gxf3 Rxg4+
35.fxg4 Rd4 36.f3 Rxc4 37.e6 Kf8 38.e7+ Ke8 39.g5 hxg5 40.hxg5 Rh4 41.g6 
Rh8 42.f4 c4 43.f5 Rg8 44.Kf1 1-0

[Event "69th POL-ch"]
[Site "Warsaw POL"]
[Date "2012.02.22"]
[Round "5"]
[White "Hnydiuk, Aleksander"]
[Black "Markowski, Tomasz"]
[Result "0-1"]
[WhiteElo "2409"]
[BlackElo "2612"]
[EventDate "2012.02.18"]
[PlyCount "86"]

1.e4 c6 2.d4 d5 3.f3 e6 4.Nc3 b6 5.Bf4 Nf6 6.Nge2 Be7 7.Qd2 Ba6 8.Rg1 b5 
9.a3 Bb7 10.exd5 Nxd5 11.Nxd5 cxd5 12.Nc1 Qb6 13.Nb3 Nc6 14.Be3 b4 15.Nc5 
bxa3 16.Rxa3 Bxc5 17.dxc5 Qc7 18.Bf4 e5 19.Bg3 d4 20.Bb5 O-O 21.Kf2 Rfd8 
22.Re1 f6 23.Rea1 Rab8 24.b4 a6 25.Bc4+ Kh8 26.Ra4 Qe7 27.Kg1 h6 28.Bd3 
Bc8 29.Be1 f5 30.Qe2 Re8 31.Bxa6 e4 32.Bxc8 Rbxc8 33.Bg3 f4 34.Bxf4 Qf6 
35.Bd6 d3 36.cxd3 Nd4 37.Qa2 exf3 38.Rf1 Re2 39.Qa1 Qg5 40.Bg3 Rxg2+ 41.
Kh1 Qd2 42.Rg1 Ne2 43.Bf2 Nxg1 0-1

[Event "69th POL-ch"]
[Site "Warsaw POL"]
[Date "2012.02.22"]
[Round "5"]
[White "Jaracz, Pawel"]
[Black "Duda, Jan-Krzysztof"]
[Result "1-0"]
[WhiteElo "2542"]
[BlackElo "2380"]
[EventDate "2012.02.18"]
[PlyCount "119"]

1.Nf3 Nf6 2.c4 e6 3.g3 d5 4.Bg2 Be7 5.O-O O-O 6.d4 b6 7.cxd5 exd5 8.Nc3 
Bb7 9.Bf4 Na6 10.Rc1 c5 11.Ne5 Re8 12.dxc5 Nxc5 13.Nd3 Bd6 14.Nxc5 Bxc5 
15.Bg5 Re5 16.Qd2 h6 17.Bxf6 Qxf6 18.e3 Rd8 19.Rfd1 Qe6 20.a3 Bc6 21.b4 
Bf8 22.Ne2 Ba4 23.Nd4 Qe8 24.Re1 g6 25.Rc7 Re7 26.Rec1 Rxc7 27.Rxc7 Rd7 
28.Rc1 Qd8 29.h4 h5 30.Rc3 Rd6 31.Qc1 Bd7 32.b5 Bg7 33.a4 g5 34.hxg5 Qxg5 
35.Nf3 Qf6 36.Rc7 Bg4 37.Nh2 Bf5 38.Rxa7 h4 39.Ra8+ Kh7 40.g4 Bd3 41.Qd1 
Be4 42.Re8 Qg6 43.Bxe4 dxe4 44.Qc2 f5 45.Qc8 fxg4 46.Nxg4 h3 47.Kh2 Qf7 
48.Qa8 Rd5 49.Rf8 Qe6 50.Rf4 Be5 51.Nxe5 Qxe5 52.Qb7+ Kh6 53.Qxb6+ Kg5 54.
Qb7 Rd2 55.Kxh3 Rd6 56.Qxe4 Qh8+ 57.Rh4 Qc8+ 58.Qg4+ Qxg4+ 59.Rxg4+ Kf6 
60.Rh4 1-0

[Event "69th POL-ch"]
[Site "Warsaw POL"]
[Date "2012.02.22"]
[Round "5"]
[White "Dragun, Kamil"]
[Black "Sieciechowicz, Marcin"]
[Result "1/2-1/2"]
[WhiteElo "2420"]
[BlackElo "2459"]
[EventDate "2012.02.18"]
[PlyCount "96"]

1.Nf3 Nf6 2.d4 g6 3.c4 Bg7 4.Nc3 d5 5.Bg5 Ne4 6.h4 Nxg5 7.hxg5 dxc4 8.e3 
c5 9.Bxc4 cxd4 10.exd4 Nc6 11.d5 Ne5 12.Nxe5 Bxe5 13.Qe2 Bg7 14.Bb5+ Kf8 
15.Rd1 Qd6 16.Ne4 Qb4+ 17.Rd2 Bf5 18.Ng3 Rc8 19.O-O Bg4 20.f3 Bd4+ 21.Kh2 
h6 22.fxg4 hxg5+ 23.Nh5 Qd6+ 24.g3 Be5 25.Qf3 Bf6 26.Bd3 gxh5 27.gxh5 Rc5 
28.Bf5 Rc4 29.Kg2 g4 30.Qe2 b5 31.Rh1 Be5 32.Qe3 Qf6 33.Rf1 Bd4 34.Qe2 Qg5
35.Bxg4 Bf6 36.Bh3 Be5 37.Rd3 Qxh5 38.Qxh5 Rxh5 39.Rdf3 f6 40.b3 Rc5 41.
Bg4 Rh6 42.Be6 Bd4 43.Rf4 Be3 44.Re4 Rc2+ 45.Kf3 Bg5 46.Re2 Rc3+ 47.Kg2 
Rg6 48.Rf3 Rc1 1/2-1/2

[Event "69th POL-ch"]
[Site "Warsaw POL"]
[Date "2012.02.22"]
[Round "5"]
[White "Piorun, Kacper"]
[Black "Kolosowski, Mateusz"]
[Result "0-1"]
[WhiteElo "2520"]
[BlackElo "2439"]
[EventDate "2012.02.18"]
[PlyCount "114"]

1.e4 e5 2.Nf3 Nc6 3.Bb5 a6 4.Ba4 Nf6 5.O-O Nxe4 6.d4 b5 7.Bb3 d5 8.dxe5 
Be6 9.Nbd2 Bc5 10.Qe2 Bf5 11.a4 b4 12.Nxe4 Bxe4 13.Be3 Be7 14.Nd2 Bf5 15.
Qf3 Be6 16.Qg3 g5 17.a5 d4 18.Ba4 Bd7 19.e6 fxe6 20.Qf3 Ne5 21.Qh5+ Ng6 
22.Bxd4 O-O 23.Bb3 Nf4 24.Qg4 h5 25.Qd1 Bb5 26.Be3 Be2 27.Qe1 Bxf1 28.Nxf1
Bd6 29.Bxf4 Bxf4 30.Qxe6+ Kg7 31.g3 Bd6 32.Nd2 Qe8 33.Ne4 Qxe6 34.Bxe6 
Rae8 35.Bd5 Re5 36.Bb7 Rff5 37.Rd1 Rxa5 38.Nxd6 cxd6 39.Rxd6 Ra1+ 40.Kg2 
a5 41.Be4 Re5 42.Rd4 Re1 43.Bd3 Rd1 44.b3 Rd2 45.Rd7+ Kf6 46.Ra7 g4 47.
Ra6+ Ke7 48.Ra7+ Kd6 49.Ra6+ Kc7 50.Ra7+ Kb8 51.Rg7 a4 52.Rg8+ Kc7 53.Rg7+
Kd8 54.Rg8+ Ke7 55.bxa4 b3 56.Rc8 b2 57.Rb8 Re1 0-1

[Event "69th POL-ch"]
[Site "Warsaw POL"]
[Date "2012.02.23"]
[Round "6"]
[White "Miton, Kamil"]
[Black "Macieja, Bartlomiej"]
[Result "1/2-1/2"]
[WhiteElo "2623"]
[BlackElo "2617"]
[EventDate "2012.02.18"]
[PlyCount "61"]

1.Nf3 c5 2.c4 Nc6 3.Nc3 Nf6 4.e3 e6 5.d4 d5 6.a3 a6 7.dxc5 Bxc5 8.b4 Ba7 
9.Bb2 O-O 10.Qc2 Qe7 11.Rd1 Rd8 12.Be2 dxc4 13.Rxd8+ Nxd8 14.Ne4 Nxe4 15.
Qxe4 Bd7 16.Bxc4 Rc8 17.O-O f5 18.Qd3 Rxc4 19.Qxc4 Bb5 20.Qc8 Bxf1 21.Kxf1
Bb6 22.Be5 Qe8 23.Bc7 Bxc7 24.Qxc7 h6 25.Ne5 Kh7 26.Ke1 Qb5 27.Qc5 Qa4 28.
Qc3 Qb5 29.Qc5 Qa4 30.Qc3 Qb5 31.Qc5 1/2-1/2

[Event "69th POL-ch"]
[Site "Warsaw POL"]
[Date "2012.02.23"]
[Round "6"]
[White "Markowski, Tomasz"]
[Black "Mista, Aleksander"]
[Result "1/2-1/2"]
[WhiteElo "2612"]
[BlackElo "2587"]
[EventDate "2012.02.18"]
[PlyCount "28"]

1.d4 d5 2.Nf3 c6 3.g3 Bf5 4.Bg2 e6 5.c4 Bxb1 6.Rxb1 Qa5+ 7.Bd2 Qxa2 8.c5 
b6 9.Ra1 Qxb2 10.O-O bxc5 11.Rb1 Qa2 12.Ra1 Qb2 13.Rb1 Qa2 14.Ra1 Qb2 
1/2-1/2

[Event "69th POL-ch"]
[Site "Warsaw POL"]
[Date "2012.02.23"]
[Round "6"]
[White "Kuzmicz, Krystian"]
[Black "Kempinski, Robert"]
[Result "1/2-1/2"]
[WhiteElo "2451"]
[BlackElo "2610"]
[EventDate "2012.02.18"]
[PlyCount "149"]

1.c4 g6 2.g3 Bg7 3.Bg2 Nf6 4.Nc3 O-O 5.d3 c6 6.e4 e5 7.Nge2 a5 8.O-O Na6 
9.h3 d6 10.Be3 Bd7 11.Na4 b5 12.Nb6 Rb8 13.Nxd7 Qxd7 14.Qd2 Nc5 15.cxb5 
Rxb5 16.Nc3 Rb4 17.Bxc5 dxc5 18.Rfd1 a4 19.a3 Rd4 20.Qc2 Qa7 21.Ne2 Rd6 
22.Rac1 Nd7 23.Nc3 Bh6 24.Rb1 Ra8 25.h4 Nb6 26.Ne2 Qa5 27.Qc3 Qb5 28.Bf1 
c4 29.dxc4 Nxc4 30.Rxd6 Nxd6 31.Qc2 Qb6 32.Nc3 Qc5 33.Qd1 Qd4 34.Qc2 Qd2 
35.Bd3 Nc4 36.Qxd2 Nxd2 37.Rd1 Nf3+ 38.Kf1 Nd4 39.Ne2 Nb3 40.Nc3 Bc1 41.
Nxa4 Rxa4 42.Bc2 Bxb2 43.Bxb3 Rxa3 44.Rd8+ Kg7 45.Rb8 Bd4 46.Rb7 Ra7 47.
Rxa7 Bxa7 48.Ba4 c5 49.Bb3 f5 50.f3 Bb6 51.Kg2 f4 52.g4 Bd8 53.Kh3 h5 54.
gxh5 gxh5 55.Bc4 Bf6 56.Bd5 Kf8 57.Bc4 Ke7 58.Bd5 Kd6 59.Bf7 Ke7 60.Bc4 
Kd7 61.Bf7 Kc6 62.Kg2 Kb5 63.Kf1 Kb4 64.Bxh5 Bxh4 65.Ke2 Kc3 66.Bf7 Bd8 
67.Be6 Ba5 68.Bf7 c4 69.Be6 Kd4 70.Bf7 Bb4 71.Be6 c3 72.Bb3 Ba5 73.Bc2 Kc4
74.Kd1 Bb6 75.Ke2 1/2-1/2

[Event "69th POL-ch"]
[Site "Warsaw POL"]
[Date "2012.02.23"]
[Round "6"]
[White "Sieciechowicz, Marcin"]
[Black "Leniart, Arkadiusz"]
[Result "1/2-1/2"]
[WhiteElo "2459"]
[BlackElo "2455"]
[EventDate "2012.02.18"]
[PlyCount "98"]

1.d4 Nf6 2.c4 e6 3.Nf3 d5 4.Nc3 Nbd7 5.Bg5 h6 6.Bh4 dxc4 7.e3 Nb6 8.Be2 
Be7 9.O-O O-O 10.Ne5 Nfd5 11.Bg3 c5 12.Nxc4 Nxc4 13.Bxc4 cxd4 14.exd4 Nxc3
15.bxc3 Bd7 16.Qd3 Bc6 17.Bb3 Bf6 18.Rfe1 Rc8 19.Rad1 Qd7 20.Bc2 g6 21.Bf4
Bg7 22.Qh3 h5 23.Rd3 Qd8 24.Rg3 Bd5 25.Be5 h4 26.Rg4 f6 27.Bxg6 fxe5 28.
Rxh4 Rc7 29.dxe5 Qg5 30.Rg4 Qh6 31.Qxh6 Bxh6 32.Be4+ Kf7 33.Bxd5 exd5 34.
f4 Ke7 35.g3 Rxc3 36.Rg6 Bxf4 37.gxf4 Rxf4 38.e6 Re4 39.Rxe4 dxe4 40.Rg7+ 
Kxe6 41.Rxb7 Rc2 42.Rxa7 Ke5 43.Ra3 Kf4 44.Kf1 Rxh2 45.Ke1 Rb2 46.Kf1 Rb7 
47.Ke1 Rh7 48.Ke2 Rh2+ 49.Ke1 e3 1/2-1/2

[Event "69th POL-ch"]
[Site "Warsaw POL"]
[Date "2012.02.23"]
[Round "6"]
[White "Duda, Jan-Krzysztof"]
[Black "Dragun, Kamil"]
[Result "1/2-1/2"]
[WhiteElo "2380"]
[BlackElo "2420"]
[EventDate "2012.02.18"]
[PlyCount "125"]

1.e4 e5 2.Nf3 Nc6 3.Bb5 a6 4.Ba4 Nge7 5.c3 g6 6.d4 exd4 7.cxd4 b5 8.Bb3 
Bg7 9.d5 Na5 10.Bd2 Nxb3 11.Qxb3 O-O 12.Bc3 d6 13.Bxg7 Kxg7 14.O-O Bd7 15.
Nc3 Rb8 16.Qb4 Re8 17.Rac1 Ng8 18.Rfe1 Nf6 19.a3 c5 20.dxc6 Bxc6 21.Rcd1 
a5 22.Qxd6 Qxd6 23.Rxd6 Bxe4 24.Nxe4 Rxe4 25.Ra6 a4 26.Ra5 Rxe1+ 27.Nxe1 
Ne4 28.Ra7 Rc8 29.Re7 Nd2 30.Re2 Rc1 31.f3 Nc4 32.Kf2 Rd1 33.Rc2 Kf6 34.
Re2 h5 35.h4 Rd6 36.g3 Rd1 37.Kg2 Rd8 38.Kf1 Rd7 39.Kf2 Rd5 40.Kf1 Rd1 41.
Kf2 Kg7 42.Kg2 Nxb2 43.Rxb2 Rxe1 44.Rxb5 Re2+ 45.Kh3 Re3 46.Kg2 Rxa3 47.
Ra5 Ra2+ 48.Kh3 Kf6 49.g4 hxg4+ 50.Kxg4 a3 51.Kf4 Kg7 52.h5 Ra1 53.hxg6 
fxg6 54.Ra7+ Kf6 55.Ra6+ Kf7 56.Kg3 g5 57.Ra5 Kf6 58.Kh3 Ke6 59.Kg2 Kd6 
60.Rxg5 Kc6 61.Ra5 Kb6 62.Ra8 Kb5 63.f4 1/2-1/2

[Event "69th POL-ch"]
[Site "Warsaw POL"]
[Date "2012.02.24"]
[Round "7"]
[White "Macieja, Bartlomiej"]
[Black "Kuzmicz, Krystian"]
[Result "1-0"]
[WhiteElo "2617"]
[BlackElo "2451"]
[EventDate "2012.02.18"]
[PlyCount "81"]

1.e4 c6 2.d4 g6 3.h3 Bg7 4.Nf3 d5 5.e5 f6 6.c4 Be6 7.Qb3 Qb6 8.Nc3 dxc4 9.
Bxc4 Qxb3 10.axb3 Bxc4 11.bxc4 fxe5 12.Nxe5 Nd7 13.f4 Nh6 14.g4 Nf7 15.h4 
Nd6 16.c5 Nb5 17.Be3 Nf6 18.g5 Nd5 19.Nxd5 cxd5 20.Nf3 Kf7 21.Ke2 b6 22.
Ra2 bxc5 23.dxc5 d4 24.Bd2 Rhc8 25.Rc1 Rc6 26.Kd3 Rd8 27.b4 Rd7 28.Rca1 
Ke6 29.Ra5 Rb7 30.Rxb5 Rxb5 31.Rxa7 Rb8 32.Kc4 Rbc8 33.Ne1 R6c7 34.Rxc7 
Rxc7 35.b5 Rc8 36.b6 Kd7 37.Kb5 d3 38.c6+ Ke6 39.b7 Rb8 40.Nxd3 Bd4 41.
Nc5+ 1-0

[Event "69th POL-ch"]
[Site "Warsaw POL"]
[Date "2012.02.24"]
[Round "7"]
[White "Mista, Aleksander"]
[Black "Socko, Bartosz"]
[Result "0-1"]
[WhiteElo "2587"]
[BlackElo "2636"]
[EventDate "2012.02.18"]
[PlyCount "166"]

1.d4 Nf6 2.c4 g6 3.Nc3 Bg7 4.e4 d6 5.Nf3 O-O 6.Be2 Bg4 7.Be3 Nfd7 8.d5 c5 
9.h3 Bxf3 10.Bxf3 Na6 11.O-O Nc7 12.Qd2 a6 13.a4 Qb8 14.Rab1 e5 15.a5 f5 
16.Qc2 Ne8 17.b4 Qc7 18.bxc5 dxc5 19.exf5 gxf5 20.d6 Nxd6 21.Nd5 Qxa5 22.
Ne7+ Kh8 23.Rfd1 e4 24.Rxd6 Qc7 25.Nxf5 exf3 26.Rbd1 Nf6 27.g4 Rae8 28.Qb2
Rxe3 29.fxe3 f2+ 30.Kg2 Nxg4 31.Qe2 Rxf5 32.Qxg4 Rf8 33.Qd7 Qa5 34.Rf1 Qa2
35.Qxb7 Qxc4 36.Rxf2 Rg8 37.Rd1 Qh4 38.Qf3 c4 39.Kf1 c3 40.Qg4 Qe7 41.Rd7 
Qe5 42.Rf5 Qb8 43.Qe4 Qg3 44.Rf3 Qg5 45.Rd5 Qh6 46.Ke2 Qc6 47.Rf1 Re8 48.
Qd3 Qb6 49.Rc1 Qf6 50.Rf5 Qc6 51.Rg1 Qc7 52.Rf2 Rd8 53.Qe4 Qd7 54.Rf5 h6 
55.Kf3 Re8 56.Qd5 Qe7 57.e4 Rf8 58.Rxf8+ Qxf8+ 59.Qf5 Qd8 60.Qd5 Qc8 61.
Qf5 Qd8 62.Qf4 Qd7 63.h4 a5 64.Kg2 a4 65.Re1 Qd4 66.Qf2 Qd6 67.Re2 a3 68.
Qg3 Be5 69.Qg4 Qc6 70.Qf5 Bg7 71.Qd5 Qg6+ 72.Kf3 Qg1 73.Qc4 Qf1+ 74.Kg4 
h5+ 75.Kxh5 Qf3+ 76.Kg5 Kh7 77.Qa6 Qg3+ 78.Kf5 Qf3+ 79.Kg5 Qg3+ 80.Kf5 c2 
81.Rxc2 Qe5+ 82.Kg4 Qxe4+ 83.Kh3 Qf5+ 0-1

[Event "69th POL-ch"]
[Site "Warsaw POL"]
[Date "2012.02.24"]
[Round "7"]
[White "Moranda, Wojciech"]
[Black "Markowski, Tomasz"]
[Result "1-0"]
[WhiteElo "2568"]
[BlackElo "2612"]
[EventDate "2012.02.18"]
[PlyCount "91"]

1.d4 Nf6 2.c4 g6 3.Nc3 Bg7 4.e4 d6 5.f4 O-O 6.Nf3 c5 7.d5 e6 8.Be2 exd5 9.
cxd5 Bg4 10.O-O Nbd7 11.h3 Bxf3 12.Bxf3 Rb8 13.g4 Ne8 14.g5 b5 15.Ne2 Nc7 
16.Kg2 b4 17.h4 f6 18.Ng3 Qe7 19.Bg4 c4 20.e5 f5 21.Bf3 Nb5 22.e6 Nc5 23.
h5 c3 24.Rf2 a5 25.hxg6 hxg6 26.Rb1 cxb2 27.Rbxb2 Nc3 28.Qf1 Qb7 29.Rbd2 
N5e4 30.Bxe4 fxe4 31.f5 e3 32.f6 exf2 33.Qxf2 Rbc8 34.Qf3 a4 35.Rd3 Qe7 
36.Nf5 Qc7 37.Nxg7 Qxg7 38.Qg4 Qb7 39.f7+ Rxf7 40.exf7+ Kf8 41.Qe6 Nxd5 
42.Rxd5 Rc2+ 43.Bd2 Qxf7 44.Qxd6+ Kg7 45.Qe5+ Kh7 46.Qh2+ 1-0

[Event "69th POL-ch"]
[Site "Warsaw POL"]
[Date "2012.02.24"]
[Round "7"]
[White "Kempinski, Robert"]
[Black "Jaracz, Pawel"]
[Result "1-0"]
[WhiteElo "2610"]
[BlackElo "2542"]
[EventDate "2012.02.18"]
[PlyCount "67"]

1.d4 g6 2.c4 Bg7 3.Nf3 Nf6 4.g3 d5 5.cxd5 Nxd5 6.Bg2 Nb6 7.Nc3 Nc6 8.e3 
O-O 9.O-O Re8 10.Ne1 Be6 11.b3 Qc8 12.Bb2 Bh3 13.Rc1 Bxg2 14.Nxg2 Qf5 15.
Qe2 e5 16.Nb5 Nd5 17.dxe5 Nxe5 18.Bxe5 Qxe5 19.Nf4 Nxe3 20.fxe3 c6 21.Na3 
Qb2 22.Nc4 Qxe2 23.Nxe2 b5 24.Na5 Rxe3 25.Rf2 c5 26.Nb7 c4 27.bxc4 bxc4 
28.Rxc4 Rb8 29.Rc7 Be5 30.Rd7 Rc8 31.Nf4 Re4 32.Kg2 Bd4 33.Rd2 Be5 34.Nd3 
1-0

[Event "69th POL-ch"]
[Site "Warsaw POL"]
[Date "2012.02.24"]
[Round "7"]
[White "Tomczak, Jacek"]
[Black "Swiercz, Dariusz"]
[Result "1/2-1/2"]
[WhiteElo "2543"]
[BlackElo "2583"]
[EventDate "2012.02.18"]
[PlyCount "94"]

1.e4 c5 2.Nf3 d6 3.d4 cxd4 4.Nxd4 Nf6 5.Nc3 e6 6.Bc4 Be7 7.O-O O-O 8.Bb3 
Na6 9.f4 Nc5 10.Qf3 e5 11.Nf5 Bxf5 12.exf5 e4 13.Qd1 Nxb3 14.axb3 Qb6+ 15.
Kh1 Rfd8 16.Nd5 Nxd5 17.Qxd5 Qc6 18.c4 Qxd5 19.cxd5 Bf6 20.Rf2 Bd4 21.Re2 
Re8 22.Be3 Bxe3 23.Rxe3 Rac8 24.h3 a6 25.Ra4 Kf8 26.Raxe4 Rxe4 27.Rxe4 b5 
28.Re1 Rc2 29.Ra1 Rxb2 30.Rxa6 Ke7 31.f6+ gxf6 32.Ra7+ Ke8 33.Ra8+ Ke7 34.
Ra7+ Kf8 35.Ra6 Rxb3 36.Rxd6 Rd3 37.Rxf6 Rxd5 38.Kh2 Ke7 39.Rb6 Kd7 40.Rf6
Ke7 41.Rb6 Kd7 42.Rf6 b4 43.Rxf7+ Kc6 44.Rxh7 b3 45.Re7 b2 46.Re1 Rb5 47.
Rb1 Rb3 1/2-1/2

[Event "69th POL-ch"]
[Site "Warsaw POL"]
[Date "2012.02.24"]
[Round "7"]
[White "Leniart, Arkadiusz"]
[Black "Strzemiecki, Zbigniew"]
[Result "1/2-1/2"]
[WhiteElo "2455"]
[BlackElo "2402"]
[EventDate "2012.02.18"]
[PlyCount "155"]

1.e4 e6 2.d4 d5 3.Nc3 Nf6 4.Bd3 c5 5.exd5 cxd4 6.Nb5 Nxd5 7.Nxd4 Bc5 8.
Ngf3 O-O 9.Nb3 Be7 10.Bd2 Nc6 11.O-O Qc7 12.c4 Nf4 13.Be4 e5 14.Re1 Bf6 
15.Qc2 g6 16.g3 Nh5 17.Kg2 Bg7 18.Bc3 Re8 19.Rad1 Nf6 20.Bd5 Bg4 21.h3 
Nxd5 22.cxd5 Bxf3+ 23.Kxf3 Nd4+ 24.Nxd4 exd4 25.Rxe8+ Rxe8 26.Qa4 Qd8 27.
Rxd4 Bxd4 28.Qxd4 f6 29.Kg2 Qd6 30.Qxf6 Qxf6 31.Bxf6 Kf7 32.Bd4 Re4 33.
Bxa7 Ra4 34.Bc5 Rxa2 35.b4 Rd2 36.d6 Rd3 37.Kf1 Ke6 38.Ke2 Rb3 39.h4 Kd7 
40.f3 Ra3 41.Kf2 Kc6 42.g4 Rd3 43.Ke2 Rd5 44.Ke3 b6 45.Bd4 Rxd6 46.Ke4 
Re6+ 47.Be5 b5 48.f4 Kd7 49.f5 gxf5+ 50.Kxf5 Rc6 51.h5 Ke7 52.g5 Kf7 53.
Bf6 Rc1 54.g6+ Kg8 55.gxh7+ Kxh7 56.Ke6 Rc6+ 57.Ke5 Kh6 58.Be7 Kxh5 59.Kd5
Rc8 60.Bc5 Kg6 61.Kd6 Kf5 62.Kd7 Ra8 63.Kc6 Ke6 64.Kxb5 Kd5 65.Kb6 Rb8+ 
66.Ka7 Rb5 67.Ka6 Kc6 68.Ka7 Rb7+ 69.Ka8 Rh7 70.Kb8 Rf7 71.Ka8 Rf3 72.Kb8 
Ra3 73.Bd4 Ra2 74.Ba7 Rg2 75.Bc5 Rg3 76.Ka7 Ra3+ 77.Kb8 Ra4 78.Be7 1/2-1/2

[Event "69th POL-ch"]
[Site "Warsaw POL"]
[Date "2012.02.24"]
[Round "7"]
[White "Dragun, Kamil"]
[Black "Kolosowski, Mateusz"]
[Result "1-0"]
[WhiteElo "2420"]
[BlackElo "2439"]
[EventDate "2012.02.18"]
[PlyCount "81"]

1.e4 e5 2.Nf3 Nc6 3.Bb5 a6 4.Ba4 Nf6 5.O-O Nxe4 6.d4 b5 7.Bb3 d5 8.dxe5 
Be6 9.c3 Bc5 10.Nbd2 O-O 11.Bc2 Bf5 12.Nb3 Bg6 13.a4 Bb6 14.axb5 axb5 15.
Rxa8 Qxa8 16.Nbd4 Re8 17.Bf4 Nxd4 18.Nxd4 Qa2 19.Bc1 Rxe5 20.Bb3 Qa1 21.
Bf4 Qxd1 22.Rxd1 Re8 23.Bxd5 Rd8 24.Ra1 h6 25.Bxe4 Bxe4 26.Nxb5 Rd7 27.Nd4
c5 28.Nf3 g5 29.Be3 f5 30.Ne5 Rd5 31.Nc4 Bc7 32.f3 Bd3 33.b3 f4 34.Ra8+ 
Kg7 35.Ra7 Rd7 36.Bxc5 Bf5 37.Bd4+ Kf8 38.b4 Ke8 39.b5 Bd3 40.b6 Re7 41.
Bf2 1-0

[Event "69th POL-ch"]
[Site "Warsaw POL"]
[Date "2012.02.24"]
[Round "7"]
[White "Piorun, Kacper"]
[Black "Sieciechowicz, Marcin"]
[Result "1-0"]
[WhiteElo "2520"]
[BlackElo "2459"]
[EventDate "2012.02.18"]
[PlyCount "67"]

1.c4 Nf6 2.Nc3 d5 3.cxd5 Nxd5 4.g3 g6 5.Bg2 Nb6 6.d3 Bg7 7.Be3 Nc6 8.Qd2 
Nd4 9.Nf3 Nf5 10.Bf4 O-O 11.O-O Re8 12.e4 Nd6 13.e5 Nf5 14.d4 e6 15.Bg5 f6
16.exf6 Bxf6 17.Bxf6 Qxf6 18.Rfe1 Bd7 19.Qf4 Bc6 20.g4 g5 21.Nxg5 Bxg2 22.
gxf5 Bd5 23.Nce4 Qh6 24.Re3 exf5 25.Rg3 Kf8 26.Nf6 Ke7 27.Qe5+ Kf8 28.
Nfxh7+ Kg8 29.Ne6+ Kf7 30.Qxf5+ Ke7 31.Rg7+ Kd6 32.Qe5+ Kc6 33.Qxc7+ Kb5 
34.Qc5+ 1-0

[Event "69th POL-ch"]
[Site "Warsaw POL"]
[Date "2012.02.25"]
[Round "8"]
[White "Socko, Bartosz"]
[Black "Miton, Kamil"]
[Result "1/2-1/2"]
[WhiteElo "2636"]
[BlackElo "2623"]
[EventDate "2012.02.18"]
[PlyCount "93"]

1.e4 c6 2.Nc3 d5 3.Nf3 Bg4 4.h3 Bxf3 5.Qxf3 e6 6.d3 Nd7 7.Bd2 Bd6 8.g4 Ne7
9.O-O-O Ng6 10.d4 Be7 11.Qg3 dxe4 12.g5 Nb6 13.h4 h5 14.gxh6 gxh6 15.h5 
Nh4 16.Qe5 Bf6 17.Qxe4 Nf5 18.Bh3 Nd6 19.Qd3 Qe7 20.Kb1 O-O-O 21.Be3 Kb8 
22.Ne4 Nxe4 23.Qxe4 Nd5 24.c4 Nxe3 25.fxe3 Bg5 26.Rhf1 f5 27.Qd3 Rhg8 28.
Rg1 Bf6 29.Rxg8 Rxg8 30.e4 Rd8 31.exf5 Rxd4 32.Qg3+ Qc7 33.Qg8+ Qc8 34.
Qxc8+ Kxc8 35.Rxd4 Bxd4 36.fxe6 Kd8 37.b4 Bc3 38.a3 a5 39.bxa5 Bxa5 40.Kc2
Bb6 41.Kd3 Ke7 42.a4 Bc5 43.Ke4 Kf6 44.Bg4 Bf2 45.Bh3 Bc5 46.Bg4 Bf2 47.
Bh3 1/2-1/2

[Event "69th POL-ch"]
[Site "Warsaw POL"]
[Date "2012.02.25"]
[Round "8"]
[White "Bulski, Krzysztof"]
[Black "Moranda, Wojciech"]
[Result "1-0"]
[WhiteElo "2523"]
[BlackElo "2568"]
[EventDate "2012.02.18"]
[PlyCount "126"]

1.d4 Nf6 2.c4 g6 3.g3 Bg7 4.Bg2 O-O 5.Nc3 d6 6.Nf3 Nbd7 7.O-O e5 8.e4 a6 
9.h3 b5 10.dxe5 dxe5 11.Qe2 c6 12.a3 Qe7 13.Rd1 Bb7 14.Be3 Rfd8 15.Qc2 Ne8
16.Nd2 Nc7 17.Nb3 Ne6 18.Na5 Ndf8 19.Ne2 c5 20.Nc3 Qc7 21.Nxb7 Qxb7 22.Nd5
Nd7 23.Qb3 Rab8 24.Bf1 Bf8 25.h4 Nd4 26.Bxd4 cxd4 27.cxb5 axb5 28.Qf3 Nb6 
29.Nf6+ Kg7 30.Bxb5 Qe7 31.h5 h6 32.Ng4 gxh5 33.Nh2 Nc8 34.a4 Nd6 35.Qxh5 
Nxb5 36.axb5 Rxb5 37.Nf3 Rxb2 38.Ra6 Kg8 39.Nxe5 Rb5 40.Qg4+ Qg5 41.f4 
Qxg4 42.Nxg4 Rc8 43.Nf6+ Kg7 44.Kg2 Be7 45.Nd5 Rc2+ 46.Kh3 Bc5 47.Rc6 Rbb2
48.Nf6 Rc3 49.Nh5+ Kh7 50.Rc7 Kg8 51.Ra1 Ra3 52.Rc1 Bf8 53.Rc8 Rc3 54.
R1xc3 dxc3 55.Rxc3 Rb8 56.Nf6+ Kg7 57.Rc6 Rd8 58.Kg4 Ra8 59.e5 Ra7 60.Ne8+
Kg8 61.Nf6+ Kg7 62.Nd5 Ra3 63.Rc7 h5+ 1-0

[Event "69th POL-ch"]
[Site "Warsaw POL"]
[Date "2012.02.25"]
[Round "8"]
[White "Kuzmicz, Krystian"]
[Black "Gajewski, Grzegorz"]
[Result "1/2-1/2"]
[WhiteElo "2451"]
[BlackElo "2616"]
[EventDate "2012.02.18"]
[PlyCount "50"]

1.c4 Nf6 2.Nf3 e6 3.g3 d5 4.Bg2 Be7 5.O-O O-O 6.b3 a5 7.Bb2 c6 8.a3 Nbd7 
9.d3 b5 10.Nbd2 Bb7 11.Qc2 Qb6 12.cxd5 cxd5 13.Bd4 Bc5 14.Qb2 b4 15.axb4 
Bxd4 16.Nxd4 axb4 17.Nc2 Rxa1 18.Rxa1 Rc8 19.d4 Ne8 20.e3 Bc6 21.Qa2 Ra8 
22.Qb2 Rb8 23.Qa2 Ra8 24.Qb2 Rc8 25.Qa2 Ra8 1/2-1/2